| 000 | 01053cam a2200229 a 4500 | ||
|---|---|---|---|
| 001 | 82903 | ||
| 003 | BD-RjUL | ||
| 005 | 20240201125532.0 | ||
| 008 | 950223s1970 enka b 100 0 eng d | ||
| 035 | _a(BD-RjUL)82903 | ||
| 040 |
_aUk _cUk _dNcU _dDLC _beng |
||
| 041 | _aurd | ||
| 082 | 0 | 0 |
_a891.439 _221 _bGHN 1970 |
| 100 |
_aغالب، ميرزا اسد الله خان ;; Ghalib, Mirza Asadullah Khan _93816 |
||
| 245 | 0 | 0 |
_aنقشهاى رنگ رنگ / Naqshhā-yi rang rang / _cAuthors:lغالب کى فارسى غزليات و مثنويات کا انتخاب ؛ انتخاب و ترجمه ظهير احمد صديقى..Ghālib kī Fārsī ghazalīyāt va mas̲navīyāt kā intikhāb ; intikhāb va tarjumah-i Ẓahīr Aḥmad Ṣiddīqī., Mirza Asadullah Khan Ghalib, |
| 260 |
_aDelhi : _bدهلى يونيورسٹى, _c1970 |
||
| 300 |
_a415 p. ; _c21 cm. |
||
| 504 | _aIncludes bibliographical references. | ||
| 650 | _aPersian Poetry | ||
| 700 |
_aصدیقی٫ ظهير احمد ;; Siddiqui, Zaheer Ahmed _911353 |
||
| 942 |
_2ddc _cBK |
||
| 999 |
_c82903 _d82903 |
||